日本の路線バス事業者クイズ20 - Statistics

General Stats
  • This quiz has been taken 50 times
    42 since last reset
  • The average score is 10 of 20
Answer Stats
Picture Answer % Correct
旭川電気軌道
100%
北海道中央バス
100%
会津乗合自動車
100%
仙台市交通局
100%
福島交通
100%
宮城交通
100%
江ノ電バス
100%
川越観光自動車
100%
川崎鶴見臨港バス
100%
関東バス
100%
京成バス
100%
相鉄バス
100%
立川バス
100%
東急バス
100%
東京都交通局
100%
西東京バス
100%
日東交通
100%
越後交通
100%
長電バス
100%
名古屋市交通局
100%
名阪近鉄バス
100%
近江鉄道
100%
大阪シティバス
100%
京都市交通局
100%
京都バス
100%
京阪京都交通
100%
京阪バス
100%
神戸市交通局
100%
山陽バス
100%
神姫バス
100%
阪急バス
100%
宇野自動車
100%
下津井電鉄
100%
日本交通
100%
備北交通
100%
広島交通
100%
広島電鉄
100%
防長交通
100%
宇和島自動車
100%
鹿児島交通
100%
鹿児島市交通局
100%
西日本鉄道
100%
宮崎交通
100%
琉球バス交通
100%
名鉄バス
100%
茨城交通
100%
JRバス中国
100%
函館バス
75%
神奈川中央交通
75%
西武バス
75%
三重交通
75%
近鉄バス
75%
西日本ジェイアールバス
75%
長崎県交通局
75%
岩手県交通
75%
伊豆箱根バス
75%
小湊鐵道
67%
アルピコ交通
67%
日立自動車交通
67%
亀の井バス
60%
阿寒バス
50%
北海道北見バス
50%
関東鉄道
50%
上田バス
50%
しずてつジャストライン
50%
知多乗合
50%
伊丹市交通局
50%
帝産湖南交通
50%
中鉄バス
50%
小豆島オリーブバス
50%
とさでん交通
50%
島原鉄道
50%
東陽バス
50%
南国交通
50%
松江市交通局
40%
道南バス
33%
東日本旅客鉄道
33%
加越能バス
33%
豊鉄バス
33%
阪神バス
33%
プリンセスライン
33%
祐徳自動車
33%
平和交通
33%
ジェイ・アール北海道バス
25%
青森市企業局交通部
25%
遠州鉄道
25%
九州産交バス
25%
東頸バス
25%
斜里バス
17%
くしろバス
0%
秋田中央交通
0%
羽後交通
0%
ジェイアールバス東北
0%
秋北バス
0%
山交バス
0%
小田急バス
0%
川崎市交通局
0%
関越交通
0%
関東自動車
0%
九十九里鐵道
0%
京浜急行バス
0%
国際興業バス
0%
ジェイアールバス関東
0%
ジャパンタローズ
0%
大新東
0%
東洋バス
0%
八丈町営バス
0%
横浜交通開発
0%
横浜市交通局
0%
糸魚川バス
0%
京福バス
0%
三岐鉄道
0%
東濃鉄道
0%
新潟交通
0%
濃飛乗合自動車
0%
北陸鉄道
0%
尼崎交通事業振興
0%
奈良交通
0%
和歌山バス
0%
井笠バスカンパニー
0%
一畑バス
0%
石見交通
0%
因の島バス
0%
宇部市交通局
0%
エイチ・ディー西広島
0%
岡山電気軌道
0%
サンデン交通
0%
中国バス
0%
八晃運輸
0%
日ノ丸自動車
0%
広島バス
0%
船木鉄道
0%
県交北部交通
0%
高知西南交通
0%
四国交通
0%
瀬戸内運輸
0%
徳島市交通局
0%
東運輸
0%
大分バス
0%
沖縄バス
0%
沖永良部バス企業団
0%
北九州市交通局
0%
熊本電気鉄道
0%
五島自動車
0%
佐賀市交通局
0%
大交北部バス
0%
対馬交通
0%
長崎自動車
0%
堀川バス
0%
京成バス千葉ウエスト
0%
東京BRT
0%
JR東海バス
0%
No matching quizzes found
Score Distribution
Percent of People with Each Score
Percentile by Number Answered
Your Score History
You have not taken this quiz since the last reset